书目信息 |
| 题名: |
当时间开始
|
|
| 作者: | 西琴 著 ;宋易 译 | |
| 分册: | ||
| 出版信息: | 南京 江苏凤凰文艺出版社 2019.09 |
|
| 页数: | 369页 | |
| 开本: | 24cm | |
| 丛书名: | 地球编年史 | |
| 单 册: | ||
| 中图分类: | P19-49 | |
| 科图分类: | ||
| 主题词: | 时间学--shi jian xue--普及读物 | |
| 电子资源: | ||
| ISBN: | 978-7-5594-3410-4 | |
| 000 | 01044nam 2200277 450 | |
| 001 | 0109110232 | |
| 005 | 20201109110340.0 | |
| 010 | @a978-7-5594-3410-4@dCNY55.00 | |
| 100 | @a20190902d2019 em y0chiy50 ea | |
| 101 | 1 | @achi@ceng |
| 102 | @aCN@b320000 | |
| 105 | @aa z 000yy | |
| 106 | @ar | |
| 200 | 1 | @a当时间开始@Adang shi jian kai shi@dWhen time began@f(美)撒迦利亚·西琴(Zecharia Sitchin)著@g宋易译@zeng |
| 210 | @a南京@c江苏凤凰文艺出版社@d2019.09 | |
| 215 | @a369页@c图@d24cm | |
| 225 | 2 | @a地球编年史@Adi qiu bian nian shi@v5 |
| 330 | @a本书所要讲述的主题,正是时间和其他与之相关的谜团。它指出了“神圣时间”、天时间和地球时间之间的惊人联系,并毫不隐晦地阐述了古代预言的基础,以及过去、现在、未来之间的联系。 | |
| 461 | 0 | @12001 @a地球编年史 |
| 510 | 1 | @aWhen time began@zeng |
| 606 | 0 | @a时间学@Ashi jian xue@j普及读物 |
| 690 | @aP19-49@v5 | |
| 701 | 0 | @c(美)@a西琴@Axi qin@c(Sitchin, Zecharia@f1920-2010)@4著 |
| 702 | 0 | @a宋易@Asong yi@4译 |
| 801 | 0 | @aCN@bBJSZM@c20201103 |
| 905 | @b1241419-22@dP19-49@e328@f4 | |
| 当时间开始=When time began/(美)撒迦利亚·西琴(Zecharia Sitchin)著/宋易译.-南京:江苏凤凰文艺出版社,2019.09 |
| 369页:图;24cm.-(地球编年史;5) |
| ISBN 978-7-5594-3410-4:CNY55.00 |
| 本书所要讲述的主题,正是时间和其他与之相关的谜团。它指出了“神圣时间”、天时间和地球时间之间的惊人联系,并毫不隐晦地阐述了古代预言的基础,以及过去、现在、未来之间的联系。 |
| ● |
| 相关链接 |
|
|
|
|
正题名:当时间开始
索取号:P19-49/328
 
预约/预借
| 序号 | 登录号 | 条形码 | 馆藏地/架位号 | 状态 | 备注 |
| 1 | 1241419 | 212414190 | 第二样本阅览室/ [索取号:P19-49/328] | 在馆 | |
| 2 | 1241420 | 212414207 | 第三借阅区/ [索取号:P19-49/328] | 在馆 | |
| 3 | 1241421 | 212414216 | 第三借阅区/ [索取号:P19-49/328] | 在馆 | |
| 4 | 1241422 | 212414225 | 第三借阅区/ [索取号:P19-49/328] | 在馆 |